|
|
|
|
| LEADER |
01693nam a2200313 a 4500 |
| 001 |
28905 |
| 003 |
BD-DhAAL |
| 005 |
20230207145001.0 |
| 008 |
150225s2003 bg 000 1 ben d |
| 020 |
|
|
|a 9848139605
|
| 020 |
|
|
|a 9789848139608
|
| 040 |
|
|
|a BD-DhAAL
|c BD-DhAAL
|
| 041 |
|
|
|a ben
|
| 082 |
0 |
0 |
|a 891.44
|2 23
|
| 100 |
2 |
|
|a গঙ্গোপাধ্যায়, সুনীল
|9 8779
|
| 245 |
0 |
0 |
|a প্রথম আলোঃ
|b প্রথম পর্ব /
|c সুনীল গঙ্গোপাধ্যায়.
|
| 250 |
|
|
|a প্রথম বাংলাদেশ সংস্করণ.
|
| 260 |
|
|
|a ঢাকা :
|b জ্যোৎস্না পাবলিশার্স,
|c ২০০৩, ২০১৪.
|
| 300 |
|
|
|a ৪৭৯ পৃষ্ঠা ;
|c ২৩ সে.মি.
|
| 526 |
|
|
|a GenEd
|
| 541 |
1 |
|
|a Development Book Agency
|e 28905, 40722, 40723
|
| 650 |
|
0 |
|a Bengali fiction.
|9 6008
|
| 650 |
|
0 |
|a Bengali literature.
|
| 852 |
4 |
|
|a Ayesha Abed Library
|j General Stacks
|
| 942 |
|
|
|2 ddc
|c BK
|
| 999 |
|
|
|c 33791
|d 33791
|
| 952 |
|
|
|0 0
|1 0
|2 ddc
|4 0
|6 891_440000000000000_GAN
|7 0
|9 52772
|a BRACUL
|b BRACUL
|c GEN
|d 2015-02-25
|e BRAC Institute of Language (BIL)
|l 8
|m 20
|o 891.44 GAN
|p 3010028905
|r 2024-06-27
|s 2024-02-14
|t 1
|w 2015-02-25
|y BK
|x Transferred from BIL to BRACUL on 06/06/22
|
| 952 |
|
|
|0 0
|1 0
|2 ddc
|4 0
|6 891_440000000000000_GAN
|7 0
|9 73126
|a SCL
|b SCL
|c GEN
|d 2023-02-07
|e Development Book Agency
|g 382.50
|l 3
|m 1
|o 891.44 GAN
|p 3020040722
|r 2024-10-31
|s 2024-10-21
|t 2
|v 382.50
|w 2023-02-07
|y BK
|
| 952 |
|
|
|0 0
|1 0
|2 ddc
|4 0
|6 891_440000000000000_GAN
|7 0
|9 73127
|a SCL
|b SCL
|c GEN
|d 2023-02-07
|e Development Book Agency
|g 382.50
|l 3
|m 12
|o 891.44 GAN
|p 3020040723
|r 2025-12-13
|s 2025-10-22
|t 3
|v 382.50
|w 2023-02-07
|y BK
|